000 00537nam a2200181 a 4500
005 20140310183431.0
008 080109s19uu xx 00 eng d
020 _a0131136801
050 _aTX 911.3.E84
_b.J37 2006
100 _aJaszay, Christine
245 _aEthical decision making in the hospitality industry. /
_cChristine Jaszay
260 _aNew Jersey :
_bPearson Prentice Hall,
_c2006.
300 _a436 p. :
_c24 cm.
650 _aHospitality industry.
700 _aDunk, Paul
942 _cBK
_2lcc
_kFOR
999 _c22745
_d22745